000 00637cam a22002173a 4500
001 39460
003 PGUSA
005 20140828083857.0
008 120416s2012||||xxu|||||s|||||000 | eng d
040 _aPGUSA
_beng
042 _adc
100 1 _aVerne, Jules,
_d1828-1905
245 1 0 _aΟ δεκαπενταετής πλοίαρχος
_h[electronic resource] /
_cJules Verne
260 _bProject Gutenberg,
_c2012
506 _aPublic domain in the USA.
516 _aElectronic text
740 0 _aUn capitaine de quinze ans
830 0 _aProject Gutenberg
_v39460
856 4 0 _uhttp://www.gutenberg.org/ebooks/39460
942 _cEB
999 _c268713
_d268713